[Event "Quebec-ch classe"]
[Site "Repentigny CAN"]
[Date "2003.11.23"]
[Round "4"]
[White "Lesiege, Alexandre"]
[Black "Hebert, Jean"]
[Result "1/2-1/2"]
[WhiteElo "2592"]
[BlackElo "2450"]
[WhiteFideId "-1"]
[WhiteFideId "-1"]
[PlyCount "85"]
[GameId "2160767911234428"]
[EventDate "2003.11.21"]
[EventType "swiss"]
[EventRounds "5"]
[EventCountry "CAN"]
[SourceTitle "EXT 2022"]
[Source "ChessBase"]
[SourceDate "2021.10.06"]
[SourceVersion "1"]
[SourceVersionDate "2021.10.06"]
[SourceQuality "1"]

1. d4 Nf6 2. c4 e6 3. Nc3 d5 4. Bg5 Be7 5. e3 h6 6. Bh4 O-O 7. Nf3 b6 8. Be2 Bb7 9. Bxf6 Bxf6 10. cxd5 exd5 11. O-O Nd7 12. b4 c5 13. bxc5 bxc5 14. Rb1 Bc6 15. Bb5 Qc7 16. Qd2 Rfd8 17. Rfc1 c4 18. Bxc6 Qxc6 19. Rb5 Nb6 20. Rcb1 Rd7 21. a4 Rad8 22. Qb2 Qe6 23. h3 h5 24. Qe2 g6 25. Ne1 Kg7 26. Qf3 Na8 27. Nc2 Be7 28. Rb7 Qc6 29. Rxd7 Rxd7 30. Nb4 Bxb4 31. Rxb4 Qd6 32. Rb5 Nc7 33. Rb7 Qa6 34. Rb8 Qd6 35. Qg3 Qa3 36. Ne2 Qd3 37. Nf4 Qf5 38. Rb7 c3 39. Ne2 Qd3 40. Rxc7 Rxc7 41. Qxc7 Qd1+ 42. Kh2 Qxe2 43. Qxc3 1/2-1/2

[Event "Omnium de Montreal"]
[Site "Montreal CAN"]
[Date "2003.08.29"]
[Round "1"]
[White "Lesiege, Alexandre"]
[Black "Charbonneau, Anne-Marie"]
[Result "1-0"]
[WhiteElo "2592"]
[BlackElo "2075"]
[WhiteFideId "-1"]
[WhiteFideId "-1"]
[PlyCount "69"]
[GameId "2160767911276702"]
[EventDate "2003.08.29"]
[EventType "swiss"]
[EventRounds "5"]
[EventCountry "CAN"]
[SourceTitle "EXT 2006"]
[Source "ChessBase"]
[SourceDate "2005.11.24"]
[SourceVersion "1"]
[SourceVersionDate "2005.11.24"]
[SourceQuality "1"]

1. d4 Nf6 2. c4 e6 3. Nc3 d5 4. Nf3 Be7 5. Bf4 O-O 6. e3 b6 7. Bd3 Bb7 8. O-O dxc4 9. Bxc4 a6 10. Rc1 Nbd7 11. d5 exd5 12. Nxd5 Bxd5 13. Bxd5 Nxd5 14. Qxd5 c5 15. Rfd1 Ra7 16. Qf5 Qc8 17. Bd6 Nf6 18. Qxc8 Rxc8 19. Bxe7 Rxe7 20. Rd6 Rb7 21. Rcd1 Kf8 22. Ne5 Ke8 23. Nc4 Rcb8 24. Kf1 Ke7 25. Ke2 Ne8 26. Rc6 Nf6 27. f3 Nd7 28. f4 Rd8 29. Nd6 Nb8 30. Nf5+ Ke8 31. Nxg7+ Ke7 32. Nf5+ Ke8 33. Nd6+ Ke7 34. Nc8+ Ke8 35. Rxb6 1-0

[Event "Omnium de Montreal"]
[Site "Montreal CAN"]
[Date "2003.08.30"]
[Round "2"]
[White "Cazelais, Marc"]
[Black "Lesiege, Alexandre"]
[Result "0-1"]
[WhiteElo "2169"]
[BlackElo "2592"]
[WhiteFideId "-1"]
[WhiteFideId "-1"]
[PlyCount "66"]
[GameId "2160767911276709"]
[EventDate "2003.08.29"]
[EventType "swiss"]
[EventRounds "5"]
[EventCountry "CAN"]
[SourceTitle "EXT 2006"]
[Source "ChessBase"]
[SourceDate "2005.11.24"]
[SourceVersion "1"]
[SourceVersionDate "2005.11.24"]
[SourceQuality "1"]

1. e4 c5 2. c3 Nf6 3. e5 Nd5 4. d4 cxd4 5. Nf3 Nc6 6. cxd4 d6 7. exd6 Qxd6 8. Nc3 Bg4 9. Be2 e6 10. O-O Be7 11. Ne4 Qb4 12. Bd2 Qb6 13. Rc1 O-O 14. Bc3 Rfd8 15. Qd2 Nf6 16. Qf4 Bxf3 17. Bxf3 Nxd4 18. Bxd4 Rxd4 19. Nxf6+ Bxf6 20. Qc7 g6 21. Bxb7 Qxc7 22. Rxc7 Rb8 23. Rc8+ Rxc8 24. Bxc8 Ra4 25. Bd7 Rxa2 26. b4 Bd4 27. b5 Rc2 28. g3 Kf8 29. Kg2 Ke7 30. Bc6 a5 31. Kf3 f5 32. h3 a4 33. b6 Rxc6 0-1

[Event "Omnium de Montreal"]
[Site "Montreal CAN"]
[Date "2003.08.30"]
[Round "3"]
[White "Lesiege, Alexandre"]
[Black "Voskanyan, Vahagn"]
[Result "1-0"]
[WhiteElo "2592"]
[BlackElo "2293"]
[WhiteFideId "-1"]
[WhiteFideId "-1"]
[PlyCount "51"]
[GameId "2160767911276718"]
[EventDate "2003.08.29"]
[EventType "swiss"]
[EventRounds "5"]
[EventCountry "CAN"]
[SourceTitle "EXT 2006"]
[Source "ChessBase"]
[SourceDate "2005.11.24"]
[SourceVersion "1"]
[SourceVersionDate "2005.11.24"]
[SourceQuality "1"]

1. d4 Nf6 2. c4 e6 3. Nc3 d5 4. Bg5 Nbd7 5. e3 Be7 6. Nf3 O-O 7. Rc1 c6 8. Bd3 dxc4 9. Bxc4 Nd5 10. Bxe7 Qxe7 11. O-O Nxc3 12. Rxc3 e5 13. Bb3 exd4 14. exd4 Nf6 15. Re1 Qd6 16. Ne5 Nd5 17. Rg3 Bf5 18. Qf3 Be6 19. Qh5 Qd8 20. Bxd5 cxd5 21. Qh6 g6 22. Nxg6 fxg6 23. Rxg6+ hxg6 24. Qxg6+ Kh8 25. Qh6+ Kg8 26. Rxe6 1-0

[Event "Omnium de Montreal"]
[Site "Montreal CAN"]
[Date "2003.08.31"]
[Round "4"]
[White "Bolduc, Steve"]
[Black "Lesiege, Alexandre"]
[Result "1/2-1/2"]
[WhiteElo "2260"]
[BlackElo "2592"]
[WhiteFideId "-1"]
[WhiteFideId "-1"]
[PlyCount "89"]
[GameId "2160767911276722"]
[EventDate "2003.08.29"]
[EventType "swiss"]
[EventRounds "5"]
[EventCountry "CAN"]

1. d4 Nf6 2. c4 e6 3. Nc3 Bb4 4. f3 d5 5. a3 Bxc3+ 6. bxc3 c5 7. cxd5 Nxd5 8. dxc5 Qa5 9. e4 Nf6 10. Qb3 O-O 11. Be3 Qc7 12. Bb5 e5 13. Ne2 Nc6 14. Bxc6 Qxc6 15. Rd1 Be6 16. c4 Nd7 17. Rd5 b6 18. Qc3 bxc5 19. Rd1 f6 20. Nc1 Nb6 21. Nd3 Rfd8 22. Nxc5 Rxd1+ 23. Kxd1 Nxc4 24. Nxe6 Qxe6 25. Ke2 Rb8 26. Rc1 Nxe3 27. Qxe3 Rb2+ 28. Kf1 h5 29. Qc3 Ra2 30. Kg1 Kh7 31. h3 Qb6+ 32. Kh1 Qf2 33. Rg1 h4 34. Qb3 Kh6 35. Qg8 Re2 36. Qh8+ Kg6 37. Qe8+ Kg5 38. Qd7 Kh6 39. a4 g6 40. Qe6 Re1 41. Rxe1 Qxe1+ 42. Kh2 Qg3+ 43. Kg1 Qe1+ 44. Kh2 Qg3+ 45. Kg1 1/2-1/2

[Event "Montreal int."]
[Site "Montreal CAN"]
[Date "2003.07.23"]
[Round "1"]
[White "Ross, Dave"]
[Black "Lesiege, Alexandre"]
[Result "1/2-1/2"]
[WhiteElo "2318"]
[BlackElo "2535"]
[WhiteFideId "-1"]
[WhiteFideId "-1"]
[PlyCount "65"]
[GameId "2160767911285250"]
[EventDate "2003.07.23"]
[EventType "tourn"]
[EventRounds "9"]
[EventCountry "CAN"]
[EventCategory "11"]
[SourceTitle "CBM 097"]
[Source "ChessBase"]
[SourceDate "2003.11.11"]
[SourceVersion "1"]
[SourceVersionDate "2003.11.11"]
[SourceQuality "1"]

1. d4 d5 2. c4 e6 3. Nf3 Nf6 4. g3 dxc4 5. Bg2 Nc6 6. Qa4 Bb4+ 7. Bd2 Bd6 8. Qxc4 O-O 9. O-O e5 10. Nxe5 Nxe5 11. dxe5 Bxe5 12. Bc3 Qe7 13. Bb4 Bd6 14. Bxd6 Qxd6 15. Nc3 c6 16. Rad1 Qe7 17. Rd2 Be6 18. Qf4 Rad8 19. Rfd1 Rxd2 20. Rxd2 Nd7 21. h3 f6 22. Kh2 Ne5 23. b3 a6 24. Qe3 Re8 25. Qb6 Nf7 26. e3 Bc8 27. Ne4 Rd8 28. Rd4 Kf8 29. a4 Rxd4 30. exd4 Qd8 31. Qc5+ Qe7 32. Qb6 Qd8 33. Qc5+ 1/2-1/2

[Event "Montreal int."]
[Site "Montreal CAN"]
[Date "2003.07.24"]
[Round "2"]
[White "Lesiege, Alexandre"]
[Black "Charbonneau, Pascal"]
[Result "1/2-1/2"]
[WhiteElo "2535"]
[BlackElo "2442"]
[WhiteFideId "-1"]
[WhiteFideId "-1"]
[PlyCount "98"]
[GameId "2160767911285254"]
[EventDate "2003.07.23"]
[EventType "tourn"]
[EventRounds "9"]
[EventCountry "CAN"]
[EventCategory "11"]
[SourceTitle "The Week in Chess 455"]
[Source "Mark Crowther"]
[SourceDate "2003.07.28"]
[SourceVersion "1"]
[SourceVersionDate "2003.07.28"]
[SourceQuality "2"]

1. d4 d5 2. c4 c6 3. Nf3 Nf6 4. Nc3 a6 5. cxd5 cxd5 6. Bf4 Nc6 7. Rc1 Bf5 8. e3 Rc8 9. Ne5 Nxe5 10. dxe5 Ne4 11. Nxe4 Rxc1 12. Qxc1 dxe4 13. Be2 Qa5+ 14. Qd2 Qxd2+ 15. Kxd2 e6 16. Kc3 Kd7 17. Rd1+ Kc8 18. Bg5 Bc5 19. Kc4 Bb6 20. Be7 Bc7 21. Bd6 f6 22. a4 fxe5 23. Kc5 Bg6 24. Bc4 b6+ 25. Kb4 a5+ 26. Kc3 Bf7 27. Ba6+ Kb8 28. Ba3 Rd8 29. Rxd8+ Bxd8 30. Bd6+ Bc7 31. Bf8 g6 32. Kc4 Be8 33. Bb5 Bxb5+ 34. Kxb5 Kb7 35. Be7 Bb8 36. Bf6 Bd6 37. Bd8 Bc7 38. Be7 Bb8 39. h3 Bc7 40. Bf6 Bd6 41. Bd8 Bc7 42. Be7 Bb8 43. b4 axb4 44. Bxb4 Bc7 45. Be7 Bb8 46. g4 h5 47. g5 h4 48. Bd8 Bc7 49. Be7 Bb8 1/2-1/2

[Event "Montreal int."]
[Site "Montreal CAN"]
[Date "2003.07.25"]
[Round "3"]
[White "Legky, Nikolay"]
[Black "Lesiege, Alexandre"]
[Result "1-0"]
[WhiteElo "2482"]
[BlackElo "2535"]
[WhiteFideId "-1"]
[WhiteFideId "-1"]
[PlyCount "89"]
[GameId "2160767911285261"]
[EventDate "2003.07.23"]
[EventType "tourn"]
[EventRounds "9"]
[EventCountry "CAN"]
[EventCategory "11"]
[SourceTitle "CBM 097"]
[Source "ChessBase"]
[SourceDate "2003.11.11"]
[SourceVersion "1"]
[SourceVersionDate "2003.11.11"]
[SourceQuality "1"]

1. d4 d5 2. c4 c6 3. cxd5 cxd5 4. Nf3 Nf6 5. Nc3 Nc6 6. Bf4 a6 7. Rc1 Bf5 8. e3 Rc8 9. Be2 e6 10. O-O Be7 11. Qb3 Na5 12. Qa4+ Kf8 13. b4 Nc4 14. Ne5 Nxe5 15. Bxe5 Nd7 16. b5 a5 17. Bg3 Nb6 18. Qb3 f6 19. Na4 Nxa4 20. Qxa4 Kf7 21. Rxc8 Qxc8 22. b6 Qc3 23. Qd7 Qb2 24. Bh5+ g6 25. Bd6 gxh5 26. Qxe7+ Kg6 27. h3 Qxb6 28. Bc7 Qb4 29. Bd6 Qb6 30. Bg3 Rc8 31. Bh4 Qd8 32. Qxb7 Rc2 33. a3 Rc3 34. Bg3 Qf8 35. Qd7 Qf7 36. Qa4 Qe7 37. Qxa5 Rxa3 38. Qb6 Qa7 39. Qd8 Qa8 40. Bb8 Ra7 41. Rc1 h4 42. Qe8+ Kg7 43. Rc8 Ra1+ 44. Kh2 Qa4 45. Qe7+ 1-0

[Event "Montreal int."]
[Site "Montreal CAN"]
[Date "2003.07.26"]
[Round "4"]
[White "Lesiege, Alexandre"]
[Black "Romanishin, Oleg"]
[Result "1/2-1/2"]
[WhiteElo "2535"]
[BlackElo "2561"]
[WhiteFideId "-1"]
[WhiteFideId "-1"]
[PlyCount "62"]
[GameId "2160767911285266"]
[EventDate "2003.07.23"]
[EventType "tourn"]
[EventRounds "9"]
[EventCountry "CAN"]
[EventCategory "11"]
[SourceTitle "CBM 097"]
[Source "ChessBase"]
[SourceDate "2003.11.11"]
[SourceVersion "1"]
[SourceVersionDate "2003.11.11"]
[SourceQuality "1"]

1. d4 Nf6 2. c4 e6 3. Nc3 Bb4 4. e3 b6 5. Bd3 Bb7 6. Nf3 O-O 7. O-O Bxc3 8. bxc3 c5 9. Nd2 d6 10. e4 cxd4 11. cxd4 e5 12. f4 Re8 13. fxe5 dxe5 14. d5 Nbd7 15. Nb3 Rc8 16. g4 b5 17. cxb5 Qb6+ 18. Rf2 Rc3 19. h3 Rec8 20. Bb2 Qe3 21. Bxc3 Rxc3 22. Qf3 Qxd3 23. Qxd3 Rxd3 24. Rc2 Nxe4 25. Rc7 Bxd5 26. Rxd7 h5 27. Rxa7 Rxh3 28. b6 hxg4 29. b7 Rg3+ 30. Kh2 Rh3+ 31. Kg1 Rg3+ 1/2-1/2

[Event "Montreal int."]
[Site "Montreal CAN"]
[Date "2003.07.27"]
[Round "5"]
[White "Lugovoi, Aleksei"]
[Black "Lesiege, Alexandre"]
[Result "0-1"]
[WhiteElo "2566"]
[BlackElo "2535"]
[WhiteFideId "-1"]
[WhiteFideId "-1"]
[PlyCount "102"]
[GameId "2160767911285274"]
[EventDate "2003.07.23"]
[EventType "tourn"]
[EventRounds "9"]
[EventCountry "CAN"]
[EventCategory "11"]
[SourceTitle "The Week in Chess 456"]
[Source "Mark Crowther"]
[SourceDate "2003.08.04"]
[SourceVersion "1"]
[SourceVersionDate "2003.08.04"]
[SourceQuality "2"]

1. d4 Nf6 2. c4 e6 3. Nc3 Bb4 4. e3 O-O 5. Bd3 d5 6. Nf3 c5 7. O-O Nc6 8. a3 Bxc3 9. bxc3 dxc4 10. Bxc4 Qc7 11. Bd3 e5 12. Qc2 Re8 13. dxe5 Nxe5 14. Nxe5 Qxe5 15. f3 Bd7 16. a4 Rad8 17. Re1 Bc6 18. e4 Nd5 19. Bd2 Nf4 20. Bf1 c4 21. Be3 Nd3 22. Bxd3 cxd3 23. Qb2 Re6 24. Bd4 Qh5 25. Qf2 Rh6 26. g4 Rg6 27. Kh1 Qa5 28. Red1 h5 29. gxh5 Qxh5 30. Rxd3 Re8 31. Re3 a5 32. Rg1 Ree6 33. Ree1 f5 34. Rxg6 Rxg6 35. Rg1 fxe4 36. Rxg6 Qxg6 37. h4 exf3 38. Kh2 Qf7 39. Qg3 Bxa4 40. Qb8+ Kh7 41. Kg3 Bc6 42. Qf4 Qg6+ 43. Qg4 Qxg4+ 44. Kxg4 a4 45. c4 a3 46. h5 a2 47. Kg3 b6 48. Kf2 Kh6 49. Ke3 Kxh5 50. Bxg7 Kg4 51. Be5 Be8 0-1

[Event "Montreal int."]
[Site "Montreal CAN"]
[Date "2003.07.28"]
[Round "6"]
[White "Nataf, Igor A"]
[Black "Lesiege, Alexandre"]
[Result "1-0"]
[WhiteElo "2549"]
[BlackElo "2535"]
[WhiteFideId "-1"]
[WhiteFideId "-1"]
[PlyCount "81"]
[GameId "2160767911285279"]
[EventDate "2003.07.23"]
[EventType "tourn"]
[EventRounds "9"]
[EventCountry "CAN"]
[EventCategory "11"]
[SourceTitle "CBM 097"]
[Source "ChessBase"]
[SourceDate "2003.11.11"]
[SourceVersion "1"]
[SourceVersionDate "2003.11.11"]
[SourceQuality "1"]

1. e4 e5 2. Nf3 Nf6 3. Nxe5 d6 4. Nf3 Nxe4 5. d4 d5 6. Bd3 Bd6 7. O-O O-O 8. c4 c6 9. Qc2 Na6 10. a3 Re8 11. Nc3 Bg4 12. Nxe4 dxe4 13. Bxe4 Bxf3 14. Bxf3 Qh4 15. g3 Qxd4 16. Rb1 Nc5 17. b4 Qd3 18. Qxd3 Nxd3 19. Rd1 Ne5 20. Bxc6 bxc6 21. Rxd6 c5 22. bxc5 Nxc4 23. Ra6 Re1+ 24. Kg2 h6 25. c6 Rc8 26. h4 Nb6 27. Rxa7 Rxc6 28. Ra6 Rcxc1 29. Rxc1 Rxc1 30. Rxb6 Ra1 31. Rb3 h5 32. Kf3 Ra2 33. Ke3 f6 34. f4 g5 35. fxg5 fxg5 36. hxg5 Kg7 37. Kd3 Kg6 38. Kc4 Kxg5 39. Kb5 Rf2 40. a4 Rf5+ 41. Kb4 1-0

[Event "Montreal int."]
[Site "Montreal CAN"]
[Date "2003.07.30"]
[Round "7"]
[White "Lesiege, Alexandre"]
[Black "Bluvshtein, Mark"]
[Result "1-0"]
[WhiteElo "2535"]
[BlackElo "2447"]
[WhiteFideId "-1"]
[WhiteFideId "-1"]
[PlyCount "75"]
[GameId "2160767911285285"]
[EventDate "2003.07.23"]
[EventType "tourn"]
[EventRounds "9"]
[EventCountry "CAN"]
[EventCategory "11"]
[SourceTitle "The Week in Chess 456"]
[Source "Mark Crowther"]
[SourceDate "2003.08.04"]
[SourceVersion "1"]
[SourceVersionDate "2003.08.04"]
[SourceQuality "2"]

1. d4 Nf6 2. c4 e6 3. Nc3 Bb4 4. e3 c5 5. Nge2 b6 6. a3 Ba5 7. Rb1 Qe7 8. Bd2 Bxc3 9. Bxc3 d6 10. Ng3 Bb7 11. d5 Nbd7 12. Be2 O-O-O 13. O-O h5 14. Bf3 e5 15. Nf5 Qf8 16. e4 g6 17. Ne3 Ne8 18. Be2 Qe7 19. b4 Nc7 20. f4 f6 21. f5 g5 22. Bxh5 Qh7 23. g4 Qe7 24. Rf2 Ne8 25. a4 cxb4 26. Bxb4 Ng7 27. a5 Nxh5 28. gxh5 g4 29. Rg2 Rxh5 30. axb6 axb6 31. Be1 Kc7 32. Rgb2 Ra8 33. c5 Nxc5 34. Rxb6 Ba6 35. Rc6+ Kd7 36. Rxc5 dxc5 37. Qa4+ Kc8 38. Qc6+ 1-0

[Event "Montreal int."]
[Site "Montreal CAN"]
[Date "2003.07.31"]
[Round "8"]
[White "Onischuk, Alexander"]
[Black "Lesiege, Alexandre"]
[Result "1-0"]
[WhiteElo "2657"]
[BlackElo "2535"]
[WhiteFideId "-1"]
[WhiteFideId "-1"]
[PlyCount "57"]
[GameId "2160767911285291"]
[EventDate "2003.07.23"]
[EventType "tourn"]
[EventRounds "9"]
[EventCountry "CAN"]
[EventCategory "11"]
[SourceTitle "The Week in Chess 456"]
[Source "Mark Crowther"]
[SourceDate "2003.08.04"]
[SourceVersion "1"]
[SourceVersionDate "2003.08.04"]
[SourceQuality "2"]

1. d4 d5 2. c4 c6 3. Nf3 Nf6 4. e3 e6 5. Nbd2 Be7 6. Bd3 O-O 7. O-O b6 8. e4 Bb7 9. Qe2 dxe4 10. Nxe4 Nbd7 11. Rd1 Qc7 12. Bg5 c5 13. dxc5 Nxc5 14. Nxf6+ Bxf6 15. Bxf6 gxf6 16. Bc2 Qf4 17. b4 Ne4 18. Rd7 Bc6 19. Rd4 f5 20. Rad1 Rac8 21. b5 Bb7 22. Bxe4 Bxe4 23. Nd2 e5 24. Rd7 Ba8 25. Rxa7 Rcd8 26. Ra3 Rd6 27. Nf1 Rxd1 28. Qxd1 Qxc4 29. Rg3+ 1-0

[Event "Montreal int."]
[Site "Montreal CAN"]
[Date "2003.08.01"]
[Round "9"]
[White "Lesiege, Alexandre"]
[Black "Rozentalis, Eduardas"]
[Result "0-1"]
[WhiteElo "2535"]
[BlackElo "2586"]
[WhiteFideId "-1"]
[WhiteFideId "-1"]
[PlyCount "168"]
[GameId "2160767911285298"]
[EventDate "2003.07.23"]
[EventType "tourn"]
[EventRounds "9"]
[EventCountry "CAN"]
[EventCategory "11"]
[SourceTitle "The Week in Chess 456"]
[Source "Mark Crowther"]
[SourceDate "2003.08.04"]
[SourceVersion "1"]
[SourceVersionDate "2003.08.04"]
[SourceQuality "2"]

1. d4 Nf6 2. c4 e6 3. Nc3 Bb4 4. e3 b6 5. Bd3 Bb7 6. Nf3 O-O 7. O-O Re8 8. Bd2 d6 9. Qc2 Nbd7 10. e4 e5 11. d5 Nc5 12. Rfe1 Nxd3 13. Qxd3 Nh5 14. a3 Bxc3 15. Qxc3 Bc8 16. h3 Qf6 17. b4 h6 18. c5 g5 19. Nh2 Qg6 20. a4 Nf4 21. cxb6 cxb6 22. a5 Ba6 23. axb6 axb6 24. Qc6 Rac8 25. Qxb6 Bd3 26. Qe3 f5 27. exf5 Bxf5 28. b5 Nxd5 29. Qb3 Be6 30. Ra6 Nb6 31. Qb1 Qxb1 32. Rxb1 Nc4 33. Bb4 Bf5 34. Rd1 Rb8 35. Bxd6 Red8 36. Rc6 Rbc8 37. Ra6 Bc2 38. Rd5 Be4 39. Rc5 Rxc5 40. Bxc5 Rd1+ 41. Nf1 Nd2 42. f3 Rxf1+ 43. Kh2 Bb7 44. Rg6+ Kh7 45. Rd6 Nxf3+ 46. gxf3 Bxf3 47. Kg3 h5 48. h4 g4 49. Re6 Ba8 50. Bf2 Rh1 51. Bc5 Rh3+ 52. Kf2 g3+ 53. Ke2 Rh2+ 54. Kd3 e4+ 55. Ke3 Rxh4 56. Re8 g2 57. Kf2 e3+ 58. Bxe3 Rh1 59. Ke2 Bd5 60. Re5 Bc4+ 61. Kf3 g1=Q 62. Bxg1 Rxg1 63. Rxh5+ Kg6 64. Rc5 Be6 65. Kf4 Kf6 66. b6 Rb1 67. Rc6 Rb4+ 68. Ke3 Ke5 69. b7 Rxb7 70. Rc5+ Bd5 71. Rc8 Rb3+ 72. Kd2 Kd4 73. Rd8 Rb2+ 74. Kd1 Rh2 75. Rd7 Ke4 76. Rd8 Bc4 77. Re8+ Kd4 78. Ke1 Bd3 79. Re7 Be4 80. Kd1 Ke3 81. Kc1 Rc2+ 82. Kd1 Rc8 83. Re5 Rh8 84. Kc1 Rb8 0-1

[Event "Montreal int."]
[Site "Montreal CAN"]
[Date "2003.08.02"]
[Round "10"]
[White "Vera Gonzalez Quevedo, Reynaldo"]
[Black "Lesiege, Alexandre"]
[Result "1-0"]
[WhiteElo "2509"]
[BlackElo "2535"]
[WhiteFideId "-1"]
[WhiteFideId "-1"]
[PlyCount "55"]
[GameId "2160767911285305"]
[EventDate "2003.07.23"]
[EventType "tourn"]
[EventRounds "9"]
[EventCountry "CAN"]
[EventCategory "11"]
[SourceTitle "CBM 097"]
[Source "ChessBase"]
[SourceDate "2003.11.11"]
[SourceVersion "1"]
[SourceVersionDate "2003.11.11"]
[SourceQuality "1"]

1. d4 d5 2. c4 dxc4 3. e3 Nf6 4. Bxc4 e6 5. Nf3 c5 6. Qe2 a6 7. dxc5 Bxc5 8. O-O Nc6 9. e4 b5 10. Bb3 Nd4 11. Nxd4 Qxd4 12. Be3 Qe5 13. Bxc5 Qxc5 14. Nd2 Bb7 15. e5 Nd7 16. Rfe1 Rd8 17. Nf1 O-O 18. Rac1 Qb6 19. Rc3 Rc8 20. Rg3 Rc5 21. Qd2 Qc6 22. Qh6 g6 23. f4 Nb6 24. h4 Rc1 25. f5 Rc8 26. Rxc1 Qxc1 27. fxg6 hxg6 28. Rxg6+ 1-0

[Event "Montreal int."]
[Site "Montreal CAN"]
[Date "2003.08.03"]
[Round "11"]
[White "Lesiege, Alexandre"]
[Black "Barsov, Alexei"]
[Result "1/2-1/2"]
[WhiteElo "2535"]
[BlackElo "2526"]
[WhiteFideId "-1"]
[WhiteFideId "-1"]
[PlyCount "49"]
[GameId "2160767911285308"]
[EventDate "2003.07.23"]
[EventType "tourn"]
[EventRounds "9"]
[EventCountry "CAN"]
[EventCategory "11"]
[SourceTitle "The Week in Chess 456"]
[Source "Mark Crowther"]
[SourceDate "2003.08.04"]
[SourceVersion "1"]
[SourceVersionDate "2003.08.04"]
[SourceQuality "2"]

1. Nf3 d5 2. d4 Nf6 3. c4 e6 4. Nc3 Be7 5. Bg5 h6 6. Bh4 O-O 7. e3 b6 8. Be2 dxc4 9. Bxc4 Bb7 10. O-O Ne4 11. Bxe7 Qxe7 12. Nxe4 Bxe4 13. Rc1 Rd8 14. Bd3 Bxd3 15. Qxd3 c5 16. Qa3 Nd7 17. h3 e5 18. Rfd1 exd4 19. exd4 Qf6 20. Qa4 a6 21. b3 g6 22. Qc4 Kg7 23. dxc5 Nxc5 24. b4 Ne6 25. a4 1/2-1/2

[Event "Quebec op"]
[Site "Montreal CAN"]
[Date "2003.07.19"]
[Round "1"]
[White "Lesiege, Alexandre"]
[Black "Cazelais, Marc"]
[Result "1-0"]
[WhiteElo "2535"]
[BlackElo "2166"]
[WhiteFideId "-1"]
[WhiteFideId "-1"]
[PlyCount "61"]
[GameId "2160767911293684"]
[EventDate "2003.07.12"]
[EventType "swiss"]
[EventRounds "9"]
[EventCountry "CAN"]
[SourceTitle "CBM 095 Extra"]
[Source "ChessBase"]
[SourceDate "2003.09.04"]
[SourceVersion "1"]
[SourceVersionDate "2003.09.04"]
[SourceQuality "1"]

1. d4 g6 2. c4 Bg7 3. e4 Nc6 4. Nf3 e5 5. Bg5 f6 6. Be3 exd4 7. Nxd4 Nge7 8. Nc3 O-O 9. c5 b6 10. h4 Nxd4 11. Qxd4 bxc5 12. Qxc5 d6 13. Qc4+ Kh8 14. h5 f5 15. O-O-O fxe4 16. Be2 gxh5 17. Bxh5 Bf5 18. g4 d5 19. Qc5 Be6 20. Bg5 Bf6 21. Bxf6+ Rxf6 22. Nxe4 Qf8 23. Nxf6 Qxf6 24. Rhe1 Rb8 25. Qc3 d4 26. Rxd4 Rb5 27. Rd8+ Kg7 28. Qxf6+ Kxf6 29. Rf8+ Kg7 30. Rf7+ Bxf7 31. Rxe7 1-0

[Event "Quebec op"]
[Site "Montreal CAN"]
[Date "2003.07.13"]
[Round "2"]
[White "Beaulieu, Eric"]
[Black "Lesiege, Alexandre"]
[Result "0-1"]
[WhiteElo "2232"]
[BlackElo "2588"]
[WhiteFideId "-1"]
[WhiteFideId "-1"]
[PlyCount "98"]
[GameId "2160767911293689"]
[EventDate "2003.07.12"]
[EventType "swiss"]
[EventRounds "9"]
[EventCountry "CAN"]

1. d4 Nf6 2. c4 g6 3. Nc3 Bg7 4. Nf3 d6 5. g3 O-O 6. Bg2 Nc6 7. O-O Bg4 8. h3 Bxf3 9. Bxf3 Nd7 10. e3 e5 11. d5 Ne7 12. e4 f5 13. Bg5 h6 14. Bxe7 Qxe7 15. Bg2 f4 16. g4 f3 17. Bxf3 Rf7 18. Bg2 Bf6 19. Ne2 Raf8 20. Ng3 Bh4 21. Qd2 Kh7 22. a4 Rf4 23. b4 a5 24. bxa5 Nc5 25. Rab1 Qg5 26. Kh2 Rxg4 27. Qxg5 Rxg5 28. Kg1 Ra8 29. Rb5 Bxg3 30. fxg3 Rxg3 31. Rf7+ Kg8 32. Rxc7 Ra3 33. h4 Rxa4 34. Rb6 Rd8 35. Rxc5 dxc5 36. Rxb7 Rxa5 37. Re7 Ra4 38. Bf1 Rf8 39. Bh3 Ra1+ 40. Kg2 Ra2+ 41. Kg1 Rf3 42. Be6+ Kf8 43. Rc7 h5 44. Rc8+ Kg7 45. Rg8+ Kh7 46. Rb8 Rd3 47. Rb1 Kh6 48. Rf1 Re2 49. Rf6 Rd1+ 0-1

[Event "Quebec op"]
[Site "Montreal CAN"]
[Date "2003.07.20"]
[Round "3"]
[White "Lesiege, Alexandre"]
[Black "Mikhalevski, Alexander"]
[Result "0-1"]
[WhiteElo "2535"]
[BlackElo "2439"]
[WhiteFideId "-1"]
[WhiteFideId "-1"]
[PlyCount "122"]
[GameId "2160767911293727"]
[EventDate "2003.07.12"]
[EventType "swiss"]
[EventRounds "9"]
[EventCountry "CAN"]
[SourceTitle "CBM 095 Extra"]
[Source "ChessBase"]
[SourceDate "2003.09.04"]
[SourceVersion "1"]
[SourceVersionDate "2003.09.04"]
[SourceQuality "1"]

1. d4 d5 2. c4 e6 3. Nf3 Nf6 4. Nc3 Be7 5. Bg5 O-O 6. e3 b6 7. Bd3 Nbd7 8. cxd5 exd5 9. O-O Bb7 10. Rc1 Ne4 11. Bf4 Nxc3 12. Rxc3 c5 13. b3 a6 14. a4 g6 15. Qc2 Nf6 16. Rd1 Qc8 17. a5 b5 18. Rxc5 Bxc5 19. dxc5 Nd7 20. b4 Re8 21. Qc3 f6 22. Bc2 Kg7 23. h4 Nf8 24. h5 Ne6 25. Bd6 Qd7 26. Qd3 Qf7 27. Nh4 Ng5 28. f3 gxh5 29. Bf4 Kh8 30. Nf5 Qg6 31. Bxg5 Qxg5 32. c6 Bc8 33. f4 Bxf5 34. Qxf5 Qxf5 35. Bxf5 Ra7 36. Rxd5 Rc7 37. Rd7 Rxc6 38. e4 Rc4 39. Rxh7+ Kg8 40. Ra7 Rxb4 41. Rxa6 Kf7 42. Rb6 Re7 43. a6 Ra4 44. e5 fxe5 45. Bg6+ Kg7 46. f5 Rf4 47. Rxb5 Kf6 48. Bxh5 Ra4 49. Rb6+ Kxf5 50. Be2 Rc7 51. Bb5 Ra1+ 52. Kh2 Rh7+ 53. Kg3 Rg7+ 54. Kh2 Ra2 55. Bf1 e4 56. Rb7 Rxb7 57. axb7 Rb2 58. Ba6 Kf4 59. Kh3 e3 60. g4 Rxb7 61. g5 Rb2 0-1